[Event "C.to Regionale Calabria"]
[Site "San Fili ITA"]
[Date "2007.06.09"]
[Round "2"]
[White "Calomeni, Gianpaolo"]
[Black "Paese, Salvatore"]
[Result "1-0"]
[WhiteElo "1503"]
[BlackElo "1396"]
[PlyCount "67"]
[EventDate "2007.06.08"]

1. e4 e5 2. Nf3 Nc6 3. Bb5 Nge7 4. O-O a6 5. Ba4 b5 6. Bb3 Ng6 7. Nc3 Bc5 8. d3
O-O 9. Bg5 Qe8 10. Nd5 Ra7 11. c3 d6 12. h3 Kh8 13. Re1 Nce7 14. d4 exd4 15.
cxd4 Bb6 16. Rc1 Nxd5 17. Bxd5 f6 18. Be3 Be6 19. Bxe6 Qxe6 20. d5 Qxe4 21.
Bxb6 Qf5 22. Bxa7 Nf4 23. Be3 g5 24. Rxc7 Rg8 25. Qc2 Nxh3+ 26. gxh3 Qxh3 27.
Bd4 Qg4+ 28. Kf1 Qh3+ 29. Ke2 Re8+ 30. Be3 g4 31. Ng1 Qh5 32. Kd2 Qxd5+ 33. Kc1
f5 34. Bd4+ 1-0

[Event "C.to Regionale Calabria"]
[Site "San Fili ITA"]
[Date "2007.06.09"]
[Round "2"]
[White "Caputo, Francesco"]
[Black "Sansosti, Simona"]
[Result "1/2-1/2"]
[WhiteElo "1662"]
[BlackElo "1362"]
[PlyCount "59"]
[EventDate "2007.06.08"]

1. e4 e5 2. Nf3 Nc6 3. Bb5 a6 4. Ba4 Nf6 5. Nc3 Bc5 6. O-O O-O 7. d3 h6 8. a3
d6 9. b4 Ba7 10. Nd5 b5 11. Bb3 Nd4 12. Nxd4 Bxd4 13. c3 Ba7 14. Nxf6+ Qxf6 15.
Bd5 Rb8 16. Be3 c5 17. Qh5 Be6 18. Bxe6 fxe6 19. Qg4 Rb7 20. a4 Rc7 21. axb5
cxb4 22. Bxa7 Rxa7 23. cxb4 Rb8 24. Rxa6 Qf7 25. Rxd6 Rxb5 26. Qxe6 Qxe6 27.
Rxe6 Ra3 28. Rd1 Rb3 29. f4 exf4 30. Kf2 1/2-1/2

[Event "C.to Regionale Calabria"]
[Site "San Fili ITA"]
[Date "2007.06.09"]
[Round "2"]
[White "Coristo, Giovanni"]
[Black "Valotta, Massimiliano"]
[Result "0-1"]
[WhiteElo "1843"]
[BlackElo "1889"]
[PlyCount "54"]
[EventDate "2007.06.08"]

1. e4 c6 2. Nc3 d5 3. Qf3 d4 4. Na4 b5 5. Nc5 e5 6. Nd3 f6 7. b4 a5 8. c3 dxc3
9. dxc3 axb4 10. cxb4 Be6 11. a3 Qd4 12. Bb2 Bxb4+ 13. Ke2 Bc3 14. Bxc3 Qxc3
15. Rc1 Qxa3 16. Qe3 Bc4 17. Kf3 Ne7 18. Kg3 O-O 19. Nf3 f5 20. Qc5 fxe4 21.
Rxc4 bxc4 22. Qxc4+ Kh8 23. Qxe4 Nf5+ 24. Kh3 Qd6 25. Ndxe5 Nd7 26. Be2 Nc5 27.
Qc4 Qh6+ 0-1

[Event "C.to Regionale Calabria"]
[Site "San Fili ITA"]
[Date "2007.06.09"]
[Round "2"]
[White "Fittante, Enrico"]
[Black "Galasso, Luciano"]
[Result "0-1"]
[WhiteElo "1530"]
[BlackElo "1554"]
[PlyCount "102"]
[EventDate "2007.06.08"]

1. d4 g6 2. Nf3 Bg7 3. e4 d6 4. c3 Nd7 5. Bc4 e6 6. Be3 Ne7 7. Nbd2 a6 8. Ng5
d5 9. Bb3 h6 10. Ngf3 b6 11. e5 Nf5 12. Bc2 Nxe3 13. fxe3 c5 14. O-O O-O 15. h3
a5 16. a4 Ba6 17. Rf2 Qc7 18. Nf1 Rab8 19. N3h2 b5 20. axb5 Bxb5 21. Ng3 Bc4
22. Bd3 Bxd3 23. Qxd3 c4 24. Qc2 Nxe5 25. dxe5 Bxe5 26. Rf3 Bxg3 27. Ng4 Kg7
28. Raf1 f5 29. Nf2 g5 30. e4 fxe4 31. Re3 Qf4 32. Re2 e3 33. Qa4 Bxf2+ 34. Kh1
Qc7 35. Qd1 g4 36. Qd4+ Kh7 37. Qxg4 Qf7 38. Rxe3 Qf5 39. Qxf5+ Rxf5 40. Re2
Rbf8 41. Rxe6 Bg3 42. Rxf5 Rxf5 43. Kg1 Re5 44. Rxe5 Bxe5 45. Kf2 d4 46. Ke2
dxc3 47. bxc3 Bxc3 48. Kd1 a4 49. Kc2 Bb4 50. Kb2 Kg6 51. g4 Kg5 0-1

[Event "C.to Regionale Calabria"]
[Site "San Fili ITA"]
[Date "2007.06.09"]
[Round "2"]
[White "Grandinetti, Pietro"]
[Black "Malta, Gaetano"]
[Result "1-0"]
[WhiteElo "1639"]
[BlackElo "1685"]
[PlyCount "125"]
[EventDate "2007.06.08"]

1. e4 c5 2. Nf3 e6 3. d4 cxd4 4. Nxd4 a6 5. Nc3 Qc7 6. Be2 Nf6 7. O-O b5 8. Bf3
Bb7 9. a3 b4 10. axb4 Bxb4 11. e5 Ng8 12. Bxb7 Qxb7 13. Qg4 Ne7 14. Ne4 Ng6 15.
c3 Be7 16. Re1 O-O 17. Qh5 Nc6 18. Nxc6 Qxc6 19. Bg5 f6 20. exf6 Bxf6 21. Bxf6
gxf6 22. Rad1 d5 23. Ng3 Ra7 24. Qe2 Re7 25. Nf5 exf5 26. Qf3 Rfe8 27. Rxe7
Rxe7 28. Qxf5 Qe6 29. Qxe6+ Rxe6 30. Kf1 Rd6 31. Ke2 Kf7 32. g3 Ke6 33. f4 Ne7
34. Kf3 Rb6 35. Rd2 Kd6 36. g4 Nc6 37. h4 Na5 38. b4 Nc4 39. Re2 Rb7 40. Ra2
Ra7 41. g5 a5 42. Kg4 a4 43. Kf5 fxg5 44. hxg5 Rf7+ 45. Kg4 a3 46. f5 Ke7 47.
Re2+ Kd7 48. g6 hxg6 49. fxg6 Re7 50. Ra2 Ke6 51. Re2+ Kd7 52. Rf2 Re8 53. Kg5
Nd6 54. Kh6 Ke7 55. Kh7 a2 56. Rxa2 Nf5 57. Re2+ Kf8 58. Rxe8+ Kxe8 59. g7 Nxg7
60. Kxg7 Kd7 61. Kf7 Kc6 62. Ke6 Kb5 63. Kxd5 1-0

[Event "C.to Regionale Calabria"]
[Site "San Fili ITA"]
[Date "2007.06.09"]
[Round "2"]
[White "Licciulli, Fabio"]
[Black "Rametta, Marcello"]
[Result "0-1"]
[WhiteElo "1954"]
[BlackElo "1774"]
[PlyCount "80"]
[EventDate "2007.06.08"]

1. d4 d5 2. c4 c6 3. Nf3 Nf6 4. Nc3 Bg4 5. Bg5 Bxf3 6. exf3 e6 7. c5 Be7 8. Bd3
Nbd7 9. f4 h6 10. Bh4 Qc7 11. Qf3 O-O 12. O-O b6 13. b4 bxc5 14. bxc5 Rfe8 15.
g4 Nh7 16. Bxe7 Rxe7 17. Rfe1 Rae8 18. Rab1 Ndf8 19. Ne2 Qa5 20. h4 Ng6 21. h5
Ngf8 22. Ng3 Qxa2 23. Qe3 Qa5 24. g5 f5 25. gxh6 gxh6 26. Kh2 Nf6 27. f3 Qd8
28. Qe5 Rg7 29. Kh3 Qe7 30. Ba6 Qf7 31. Rb7 N8d7 32. Qd6 Nxh5 33. Rg1 Kh8 34.
Rxd7 Nxf4+ 35. Qxf4 Qxd7 36. Qe5 Qf7 37. Rb1 Re7 38. Kh4 Qg6 39. Rb8+ Kh7 40.
Nh5 Qg5+ 0-1

[Event "C.to Regionale Calabria"]
[Site "San Fili ITA"]
[Date "2007.06.09"]
[Round "2"]
[White "Luvera', Filippo"]
[Black "Abatino, Maurizio"]
[Result "0-1"]
[WhiteElo "1898"]
[BlackElo "2192"]
[PlyCount "102"]
[EventDate "2007.06.08"]

1. e4 e6 2. d4 d5 3. Nd2 Be7 4. Ngf3 Nf6 5. e5 Nfd7 6. Bd3 c5 7. c3 Nc6 8. Bb5
Qb6 9. Bxc6 bxc6 10. O-O cxd4 11. cxd4 O-O 12. Re1 c5 13. Qb3 Ba6 14. dxc5 Nxc5
15. Qxb6 axb6 16. Re3 Rfc8 17. Nb3 Nd3 18. g3 Nb4 19. Nbd4 Bd3 20. Bd2 Be4 21.
Rb3 Nc2 22. Rc1 Nxd4 23. Rxc8+ Rxc8 24. Nxd4 Bc5 25. Nb5 f6 26. exf6 gxf6 27.
Rc3 Rd8 28. Rc1 e5 29. b4 Bf8 30. a3 Bd3 31. Nc3 b5 32. Nd1 Ra8 33. Rc6 Rxa3
34. Rc3 Ra1 35. Rc1 Rxc1 36. Bxc1 Bxb4 37. Ne3 Bc4 38. Ng4 Kf7 39. Kg2 Bc3 40.
f3 b4 41. f4 b3 42. Nh6+ Ke8 43. fxe5 fxe5 44. Kf3 b2 45. Bxb2 Bxb2 46. Nf5 Ba3
47. g4 Bd3 48. Ne3 Be4+ 49. Ke2 Bc5 50. h4 Bxe3 51. Kxe3 Kf7 0-1

[Event "C.to Regionale Calabria"]
[Site "San Fili ITA"]
[Date "2007.06.09"]
[Round "2"]
[White "Magli, Francesco"]
[Black "Altomonte, Giuseppe"]
[Result "1/2-1/2"]
[WhiteElo "1479"]
[BlackElo "1734"]
[PlyCount "90"]
[EventDate "2007.06.08"]

1. e4 c6 2. d4 d5 3. exd5 cxd5 4. Nf3 Nf6 5. c4 e6 6. a3 Be7 7. Nc3 O-O 8. c5
Ne4 9. g3 Nxc3 10. bxc3 b6 11. cxb6 axb6 12. a4 Ba6 13. Bf4 Bxf1 14. Kxf1 Qc8
15. Qd2 Qc4+ 16. Kg2 Rxa4 17. Ne5 Qa6 18. Rxa4 Qxa4 19. Ng4 Nd7 20. h4 Qa3 21.
Qc2 Rc8 22. Rc1 b5 23. Qe2 Qb3 24. Ne3 Nf6 25. Nf5 Ba3 26. Nxg7 Bxc1 27. Be5
Qb1 28. Bxf6 Qe4+ 29. Qxe4 dxe4 30. Nh5 Rxc3 31. d5 Rd3 32. dxe6 fxe6 33. Be5
b4 34. Nf6+ Kf7 35. Nxe4 Bd2 36. Kf1 Rd5 37. f4 b3 38. Ke2 Bc1 39. Bc3 b2 40.
Bxb2 Bxb2 41. Ng5+ Rxg5 42. hxg5 Kg6 43. Kf3 e5 44. Ke4 exf4 45. gxf4 Bc1
1/2-1/2

[Event "C.to Regionale Calabria"]
[Site "San Fili ITA"]
[Date "2007.06.09"]
[Round "2"]
[White "Marincolo, Piercarlo"]
[Black "Levato, Biagio"]
[Result "1-0"]
[WhiteElo "1727"]
[BlackElo "1495"]
[PlyCount "69"]
[EventDate "2007.06.08"]

1. d4 Nf6 2. c4 e6 3. Nf3 b6 4. g3 Bb7 5. Bg2 d6 6. O-O Nbd7 7. Nc3 Be7 8. Qc2
d5 9. b3 Rc8 10. Ne5 c5 11. e3 Qc7 12. Nb5 Qb8 13. f4 Ne4 14. Nxd7 Kxd7 15.
cxd5 exd5 16. Bh3+ Kd8 17. Bxc8 Bxc8 18. Rd1 Bf5 19. Qg2 a6 20. Na3 Nf6 21.
dxc5 Be4 22. Qh3 Bxc5 23. Nc4 Re8 24. Bb2 Re6 25. Bd4 Ke7 26. Bxc5+ bxc5 27. f5
Rc6 28. Na5 Rd6 29. b4 Qb6 30. Nb3 Qxb4 31. Qh4 Qc3 32. Qf4 a5 33. Rac1 Qb2 34.
Rd2 Qa3 35. Qe5+ 1-0

[Event "C.to Regionale Calabria"]
[Site "San Fili ITA"]
[Date "2007.06.09"]
[Round "2"]
[White "Olivo, Ilaria"]
[Black "Olivo, Paolo"]
[Result "1-0"]
[WhiteElo "1464"]
[BlackElo "1670"]
[PlyCount "38"]
[EventDate "2007.06.08"]

1. d4 g6 2. c4 Bg7 3. Nf3 d6 4. e4 Nd7 5. Nc3 b6 6. Be3 e6 7. Qd2 h6 8. Bd3 Ne7
9. O-O c5 10. d5 e5 11. Nb5 Nf6 12. h3 Nh5 13. Rab1 f5 14. exf5 gxf5 15. Qe2
Nf6 16. Nh4 f4 17. Bd2 Rg8 18. Bg6+ Nxg6 19. Nxg6 Bf5 1-0

[Event "C.to Regionale Calabria"]
[Site "San Fili ITA"]
[Date "2007.06.09"]
[Round "2"]
[White "Paletta, Giuseppe"]
[Black "Paragliola, Gennaro"]
[Result "1-0"]
[WhiteElo "1679"]
[BlackElo "1451"]
[PlyCount "83"]
[EventDate "2007.06.08"]

1. d4 Nf6 2. c4 e6 3. Bg5 b6 4. e4 h6 5. Bxf6 Qxf6 6. Nf3 Bb4+ 7. Nc3 d6 8. Rc1
Bb7 9. d5 e5 10. Qa4+ Nd7 11. Qxb4 Nc5 12. Be2 O-O 13. O-O Qf4 14. g3 Qf6 15.
Qa3 a5 16. Ne1 Qg6 17. f3 f5 18. Nd3 Nxd3 19. Bxd3 f4 20. g4 h5 21. h3 hxg4 22.
hxg4 Qh6 23. Rc2 Qh3 24. Rg2 Rf6 25. Kf2 Rh6 26. b3 Qh4+ 27. Ke2 Qh3 28. Rff2
Qh1 29. Qb2 Ba6 30. Qb1 Qh4 31. Qg1 Qg5 32. Rh2 Kf7 33. Rxh6 gxh6 34. Rh2 Rg8
35. Qh1 Rh8 36. Rh5 Qg7 37. Qh4 Bc8 38. Nb5 Ke8 39. g5 Kd7 40. Rxh6 Rxh6 41.
Qxh6 Qg8 42. g6 1-0

[Event "C.to Regionale Calabria"]
[Site "San Fili ITA"]
[Date "2007.06.09"]
[Round "2"]
[White "Piccoli, Vincenzo"]
[Black "Bellisario, Carlo"]
[Result "1-0"]
[WhiteElo "1745"]
[BlackElo "1619"]
[PlyCount "61"]
[EventDate "2007.06.08"]

1. e4 d6 2. d4 Nf6 3. Nc3 g6 4. Bg5 h6 5. Bh4 Bg7 6. Qd2 c6 7. O-O-O b5 8. Bd3
b4 9. Nce2 a5 10. f4 Ba6 11. e5 dxe5 12. fxe5 Nd5 13. e6 Bxd3 14. exf7+ Kxf7
15. Qxd3 Bf6 16. Nf3 Nd7 17. Rhf1 Kg7 18. Bg3 Qb6 19. h4 Qb5 20. Qe4 Qa4 21.
Kb1 Qb5 22. Rd3 Nc3+ 23. bxc3 bxc3+ 24. Kc1 Qb2+ 25. Kd1 Qa1+ 26. Nc1 c5 27.
Ne5 Bxe5 28. Bxe5+ Nf6 29. Bxf6+ exf6 30. Qe7+ Kg8 31. Qe6+ 1-0

[Event "C.to Regionale Calabria"]
[Site "San Fili ITA"]
[Date "2007.06.09"]
[Round "2"]
[White "Scalise, Sandro"]
[Black "Mercuri, Delia"]
[Result "1-0"]
[WhiteElo "1598"]
[BlackElo "1415"]
[PlyCount "109"]
[EventDate "2007.06.08"]

1. d4 e6 2. Nf3 d5 3. Bf4 Bd6 4. Bxd6 Qxd6 5. e3 a6 6. Bd3 Nf6 7. c3 c5 8. Qe2
c4 9. Bc2 Nc6 10. Nbd2 e5 11. dxe5 Nxe5 12. Nxe5 Qxe5 13. O-O-O O-O 14. Nf3 Qc7
15. Nd4 Be6 16. h4 Qe5 17. h5 Bg4 18. f3 Bxh5 19. g4 Bg6 20. f4 Qe7 21. f5 Ne4
22. Bxe4 Qxe4 23. fxg6 fxg6 24. Rhf1 Rxf1 25. Rxf1 Re8 26. Nc2 b5 27. Qf3 Qe7
28. Qxd5+ Kh8 29. Qf7 Qxf7 30. Rxf7 Kg8 31. Rf4 g5 32. Rf5 h6 33. Rd5 Re6 34.
Kd2 Re4 35. Rd4 Re6 36. Ke2 Kf7 37. Ne1 Kf6 38. e4 g6 39. Ke3 h5 40. Kf2 h4 41.
Nf3 a5 42. e5+ Ke7 43. Rd6 Rxe5 44. Nxe5 Kxd6 45. Nf7+ Kc5 46. Nxg5 b4 47. Ne4+
Kd5 48. Nd2 g5 49. Kf3 b3 50. a4 h3 51. Kg3 h2 52. Kxh2 Ke5 53. Kg3 Kd5 54. Kf3
Kc5 55. Ke4 1-0

[Event "C.to Regionale Calabria"]
[Site "San Fili ITA"]
[Date "2007.06.09"]
[Round "2"]
[White "Scerbo, Antonio"]
[Black "Zavaglia, Giuseppe"]
[Result "1-0"]
[WhiteElo "2117"]
[BlackElo "1901"]
[PlyCount "65"]
[EventDate "2007.06.08"]

1. d4 Nf6 2. c4 e6 3. Nf3 b6 4. a3 Bb7 5. Nc3 Ne4 6. Qc2 f5 7. g3 Be7 8. Bg2
Nxc3 9. Qxc3 Bf6 10. O-O O-O 11. b4 Be4 12. Bb2 c5 13. Rfd1 Nc6 14. e3 Qc7 15.
bxc5 bxc5 16. Ne5 Bxg2 17. Kxg2 Rac8 18. Qd2 Rfd8 19. Rac1 d6 20. Nf3 Rb8 21.
Rb1 d5 22. cxd5 Rxd5 23. Qc2 Rc8 24. dxc5 Rxd1 25. Bxf6 gxf6 26. Rxd1 Na5 27.
Rc1 Qb7 28. Qc3 Nb3 29. Rb1 Rxc5 30. Qxb3 Qe4 31. Qb8+ Kg7 32. Rb7+ Kg6 33.
Qg8+ 1-0

[Event "C.to Regionale Calabria"]
[Site "San Fili ITA"]
[Date "2007.06.09"]
[Round "2"]
[White "Scerra, Ezio"]
[Black "Vacchiano, Salvatore"]
[Result "0-1"]
[WhiteElo "1398"]
[BlackElo "1509"]
[PlyCount "104"]
[EventDate "2007.06.08"]

1. c4 Nf6 2. Nf3 g6 3. b3 Bg7 4. Nc3 O-O 5. Rb1 d6 6. e3 e5 7. d4 e4 8. Ng1 Re8
9. Be2 Nc6 10. b4 a6 11. a3 Rb8 12. b5 axb5 13. Nxb5 b6 14. d5 Ne5 15. Na7 Bb7
16. Nc6 Nxc6 17. dxc6 Bxc6 18. Nh3 d5 19. Bb2 dxc4 20. Bxc4 h6 21. Qb3 Bd5 22.
Rd1 c6 23. Nf4 b5 24. Bxd5 cxd5 25. Bxf6 Qa5+ 26. Qb4 Qxb4+ 27. axb4 Bxf6 28.
Nxd5 Bg7 29. O-O Rbc8 30. Rc1 Kh8 31. Nc7 Re5 32. Rfd1 Bf8 33. Rd4 Re7 34. Rcd1
Rexc7 35. Rxe4 Rc1 36. Rf1 Rxf1+ 37. Kxf1 Rc4 38. Rxc4 bxc4 39. Ke2 Bxb4 40. f4
Kg7 41. Kd1 Kf6 42. e4 Ke6 43. h4 Kd6 44. Ke2 Kc5 45. Ke3 c3 46. Kd3 Ba5 47. g4
Kb4 48. Kc2 Bb6 49. f5 h5 50. e5 hxg4 51. fxg6 fxg6 52. e6 Bc5 0-1

[Event "C.to Regionale Calabria"]
[Site "San Fili ITA"]
[Date "2007.06.09"]
[Round "2"]
[White "Spataro, Enrico"]
[Black "Cordi', Domenico"]
[Result "1-0"]
[WhiteElo "1760"]
[BlackElo "2084"]
[PlyCount "53"]
[EventDate "2007.06.08"]

1. e4 d6 2. d4 Nf6 3. Nc3 g6 4. Be3 Bg7 5. f3 O-O 6. Qd2 e5 7. O-O-O exd4 8.
Bxd4 Nc6 9. Be3 Be6 10. g4 Ne5 11. Bh6 Nfd7 12. Bxg7 Kxg7 13. h4 f6 14. Kb1 h6
15. Be2 Nb6 16. Nd5 Qd7 17. g5 fxg5 18. hxg5 h5 19. Nf6 Qa4 20. b3 Qa3 21. Nh3
Na4 22. Qd4 Nc5 23. f4 Bxh3 24. fxe5 Ne6 25. Qe3 Bg4 26. Bxg4 hxg4 27. Rh7# 1-0

[Event "C.to Regionale Calabria"]
[Site "San Fili ITA"]
[Date "2007.06.09"]
[Round "3"]
[White "Abatino, Maurizio"]
[Black "Spataro, Enrico"]
[Result "1-0"]
[WhiteElo "2192"]
[BlackElo "1760"]
[PlyCount "45"]
[EventDate "2007.06.08"]

1. d4 f5 2. g3 Nf6 3. Bg2 g6 4. c4 Bg7 5. Nf3 O-O 6. O-O d6 7. d5 c6 8. Nc3 Bd7
9. Rb1 Na6 10. b4 cxd5 11. cxd5 Rc8 12. Qb3 Ne4 13. Nxe4 fxe4 14. Ng5 Rc3 15.
Qd1 Rc4 16. Be3 Rxb4 17. Rxb4 Nxb4 18. Qb3 Qa5 19. Bd2 Qxa2 20. Qxb4 Qxd5 21.
Bxe4 Qe5 22. Qxb7 Bb5 23. Bd5+ 1-0

[Event "C.to Regionale Calabria"]
[Site "San Fili ITA"]
[Date "2007.06.09"]
[Round "3"]
[White "Alo', Lucio"]
[Black "Scerbo, Antonio"]
[Result "0-1"]
[WhiteElo "1553"]
[BlackElo "2117"]
[PlyCount "80"]
[EventDate "2007.06.08"]

1. Nf3 Nf6 2. d4 g6 3. c4 Bg7 4. e3 O-O 5. Bd3 c5 6. O-O Nc6 7. d5 Nb4 8. Nc3
d6 9. h3 e5 10. e4 Nh5 11. Bb1 Qe8 12. a3 Na6 13. Nb5 Qe7 14. Nh2 Nf4 15. Nc3
Nc7 16. Bxf4 exf4 17. Qf3 Be5 18. Bc2 Bd7 19. Rab1 b5 20. cxb5 Nxb5 21. Nxb5
Bxb5 22. Rfe1 h5 23. g4 fxg3 24. fxg3 Rab8 25. b3 Qg5 26. Kg2 h4 27. Qe3 Qxg3+
28. Qxg3 Bxg3 29. Red1 f5 30. a4 fxe4 31. Ng4 Be2 32. Rd2 Bf3+ 33. Kg1 Rbe8 34.
Nh2 e3 35. Rd3 Bf2+ 36. Kf1 Be4 37. Rc3 e2+ 38. Kxe2 Bxc2+ 39. Kd2 Bxb1 40. Ng4
Be1+ 0-1

[Event "C.to Regionale Calabria"]
[Site "San Fili ITA"]
[Date "2007.06.09"]
[Round "3"]
[White "Altomonte, Giuseppe"]
[Black "Fittante, Enrico"]
[Result "1-0"]
[WhiteElo "1734"]
[BlackElo "1530"]
[PlyCount "76"]
[EventDate "2007.06.08"]

1. e4 e5 2. Nf3 Nc6 3. Bb5 d6 4. d4 exd4 5. Nxd4 Bd7 6. Be3 Nf6 7. Nc3 Be7 8.
Be2 Ne5 9. h3 a6 10. Nf5 Bxf5 11. exf5 Qd7 12. f4 Nc6 13. g4 h6 14. Qd2 O-O-O
15. O-O-O Kb8 16. Bf3 Rde8 17. Rhe1 g6 18. fxg6 fxg6 19. Bg1 g5 20. f5 h5 21.
Nd5 Nxd5 22. Qxd5 Bf6 23. Re6 hxg4 24. hxg4 Rxe6 25. fxe6 Qg7 26. c3 Be5 27.
Qb3 Qg6 28. Bxc6 Bf4+ 29. Rd2 Bxd2+ 30. Kxd2 b6 31. e7 Re8 32. Bxe8 Qxe8 33.
Qe6 Kb7 34. Be3 Qc6 35. e8=Q Qg2+ 36. Kd1 Qf1+ 37. Kc2 Qe2+ 38. Bd2 Qf3 1-0

[Event "C.to Regionale Calabria"]
[Site "San Fili ITA"]
[Date "2007.06.09"]
[Round "3"]
[White "Bellisario, Carlo"]
[Black "Licciulli, Fabio"]
[Result "1/2-1/2"]
[WhiteElo "1619"]
[BlackElo "1954"]
[PlyCount "112"]
[EventDate "2007.06.08"]

1. c4 Nf6 2. Nc3 b6 3. g3 Bb7 4. Nf3 e6 5. Bg2 Be7 6. O-O O-O 7. d3 d6 8. a3 a5
9. Qc2 Nbd7 10. Bd2 e5 11. e4 Nh5 12. Nd5 f5 13. Nxe7+ Qxe7 14. Bg5 Qf7 15. Nh4
f4 16. Nf5 h6 17. Bxh6 Qf6 18. g4 gxh6 19. gxh5 Qg5 20. f3 Kh7 21. Kf2 Rg8 22.
Rg1 Qxh5 23. h4 Nc5 24. Bh3 Rxg1 25. Rxg1 Rg8 26. Rxg8 Kxg8 27. Bg4 Qe8 28.
Nxh6+ Kh7 29. Nf5 Bc8 30. b4 axb4 31. axb4 Nb7 32. Kf1 Bxf5 33. Bxf5+ Kh6 34.
Qg2 Qh5 35. Qh3 Nd8 36. Qg4 Qxg4 37. fxg4 Nc6 38. b5 Nd4 39. Kf2 Kg7 40. g5 Nc2
41. h5 Nb4 42. h6+ Kh8 43. Ke2 Nc2 44. g6 Nd4+ 45. Kf2 Kg8 46. Bd7 Kh8 47. Bc6
Nxc6 48. bxc6 Kg8 49. Kf3 Kh8 50. g7+ Kg8 51. Kg4 Kh7 52. Kf3 Kg8 53. d4 Kh7
54. dxe5 dxe5 55. Kg4 Kg8 56. Kf3 Kh7 1/2-1/2

[Event "C.to Regionale Calabria"]
[Site "San Fili ITA"]
[Date "2007.06.09"]
[Round "3"]
[White "Carbone, Gianluca"]
[Black "Grandinetti, Pietro"]
[Result "0-1"]
[WhiteElo "1383"]
[BlackElo "1639"]
[PlyCount "42"]
[EventDate "2007.06.08"]

1. d4 Nf6 2. c4 g6 3. Nc3 Bg7 4. Nf3 O-O 5. e4 d6 6. Be2 e5 7. d5 a5 8. a4 Na6
9. O-O Bd7 10. b3 Qe8 11. Bd2 Nc5 12. Qc2 Nh5 13. Ne1 f5 14. f3 Qe7 15. Nd3
Nxd3 16. Qxd3 f4 17. Kh1 Bf6 18. Be1 Bh4 19. Bxh4 Qxh4 20. Rf2 Qxf2 21. Rf1 Qh4
0-1

[Event "C.to Regionale Calabria"]
[Site "San Fili ITA"]
[Date "2007.06.09"]
[Round "3"]
[White "Cordi', Domenico"]
[Black "Calomeni, Gianpaolo"]
[Result "1-0"]
[WhiteElo "2084"]
[BlackElo "1503"]
[PlyCount "81"]
[EventDate "2007.06.08"]

1. e4 e5 2. Nf3 Nc6 3. Bb5 a6 4. Ba4 Nf6 5. O-O Be7 6. Re1 b5 7. Bb3 O-O 8. h3
Bb7 9. c3 d6 10. d4 exd4 11. cxd4 Na5 12. Bc2 Re8 13. Nbd2 Bf8 14. b3 g6 15.
Bb2 Bg7 16. Rc1 Nc6 17. Bb1 Qd7 18. a3 Re7 19. Nf1 Rae8 20. Ng3 Bh6 21. d5 Ne5
22. Bxe5 dxe5 23. Rc5 Qd6 24. Qc2 Rd7 25. b4 Qb6 26. Qc3 Rde7 27. Bd3 Qd6 28.
Qc2 Bf4 29. Nd2 Bxd2 30. Qxd2 Kg7 31. Rec1 Rc8 32. Qg5 Kh8 33. Rc6 Bxc6 34.
Rxc6 Nxe4 35. Bxe4 Qd8 36. Rxa6 Qd7 37. Qf6+ Kg8 38. h4 h5 39. Qg5 Kh8 40. Qh6+
Kg8 41. Nxh5 1-0

[Event "C.to Regionale Calabria"]
[Site "San Fili ITA"]
[Date "2007.06.09"]
[Round "3"]
[White "Felisio, Antonio"]
[Black "Olivo, Paolo"]
[Result "0-1"]
[WhiteElo "1464"]
[BlackElo "1670"]
[PlyCount "100"]
[EventDate "2007.06.08"]

1. d4 g6 2. c4 Bg7 3. Nc3 d6 4. e4 b6 5. Nf3 Nd7 6. Be3 e6 7. Be2 Ne7 8. O-O a6
9. a3 Bb7 10. Rc1 Nf6 11. d5 e5 12. Bg5 h6 13. Bxf6 Bxf6 14. b4 Bg7 15. c5 b5
16. a4 bxa4 17. Nxa4 O-O 18. Nb2 f5 19. c6 Bc8 20. exf5 gxf5 21. Ne1 Rb8 22.
Rc4 a5 23. Nc2 Ba6 24. Rh4 Bxe2 25. Qxe2 Nxd5 26. Qc4 Kh8 27. b5 e4 28. Nd4 Nb6
29. Rxh6+ Bxh6 30. Qe6 Qf6 31. h3 Rbe8 32. Qxf6+ Rxf6 33. Rd1 Bf4 34. g3 Rg8
35. Kh2 Be5 36. Nd3 exd3 37. Rxd3 Bxd4 38. Rxd4 a4 39. Rh4+ Kg7 40. g4 fxg4 41.
Rxg4+ Kf7 42. Rxg8 Kxg8 43. h4 a3 44. h5 Rxf2+ 45. Kg3 Rf6 46. h6 Rxh6 47. Kg4
a2 48. Kg5 Kg7 49. Kf5 a1=Q 50. Kg5 Qf1 0-1

[Event "C.to Regionale Calabria"]
[Site "San Fili ITA"]
[Date "2007.06.09"]
[Round "3"]
[White "Galasso, Luciano"]
[Black "Scalise, Sandro"]
[Result "1/2-1/2"]
[WhiteElo "1554"]
[BlackElo "1598"]
[PlyCount "36"]
[EventDate "2007.06.08"]

1. d4 Nf6 2. Nf3 b6 3. e3 Bb7 4. Nbd2 e6 5. Bd3 d6 6. O-O Be7 7. Re1 c5 8. c3
O-O 9. a4 Nc6 10. h3 a6 11. Bc2 Qc7 12. e4 cxd4 13. cxd4 Rac8 14. e5 dxe5 15.
dxe5 Nxe5 16. Bxh7+ Nxh7 17. Nxe5 Rfd8 18. Qh5 Bd6 1/2-1/2

[Event "C.to Regionale Calabria"]
[Site "San Fili ITA"]
[Date "2007.06.09"]
[Round "3"]
[White "Levato, Biagio"]
[Black "Piccoli, Vincenzo"]
[Result "0-1"]
[WhiteElo "1495"]
[BlackElo "1745"]
[PlyCount "96"]
[EventDate "2007.06.08"]

1. Nf3 Nf6 2. g3 b6 3. Bg2 Bb7 4. O-O e6 5. d3 d5 6. Nbd2 c5 7. Re1 Be7 8. c3
Nc6 9. e4 Qc7 10. e5 Nd7 11. Qe2 h6 12. d4 cxd4 13. cxd4 Nb4 14. Rd1 Ba6 15.
Qe3 Nc2 16. Qc3 Qxc3 17. bxc3 Nxa1 18. Ne1 Be2 19. Bf3 Bxd1 20. Bxd1 Rc8 21.
Bb2 b5 22. Bxa1 Nb6 23. Nd3 b4 24. Nb3 Na4 25. cxb4 Rc4 26. Na5 Nb6 27. Nxc4
dxc4 28. Nc5 Bxc5 29. bxc5 Nd5 30. Ba4+ Kd8 31. Kf1 Kc7 32. Ke2 Rb8 33. Bc2 Nb4
34. Bb1 Rb5 35. a3 Nd5 36. Bc2 c3 37. Kd3 Ra5 38. a4 Nb4+ 39. Kxc3 Nxc2 40.
Kxc2 Rxa4 41. Bb2 a5 42. Kc3 Rb4 43. Ba3 Rb1 44. Bb2 Rf1 45. Kc4 Rxf2 46. Bc3
Rxh2 47. Bxa5+ Kc6 48. Bb6 Rg2 0-1

[Event "C.to Regionale Calabria"]
[Site "San Fili ITA"]
[Date "2007.06.09"]
[Round "3"]
[White "Mercuri, Delia"]
[Black "Calomeni, Francesca"]
[Result "1-0"]
[WhiteElo "1415"]
[BlackElo "1356"]
[PlyCount "89"]
[EventDate "2007.06.08"]

1. e4 e5 2. Nf3 Nc6 3. Bc4 Be7 4. Nc3 Nf6 5. O-O O-O 6. d4 d6 7. h3 h6 8. a3 a6
9. Be3 b5 10. Ba2 Bb7 11. d5 Nd4 12. Nxd4 exd4 13. Bxd4 c6 14. f4 g6 15. e5 Nh5
16. Qg4 c5 17. Be3 Bh4 18. Ne4 c4 19. Rad1 dxe5 20. d6 Bxe4 21. fxe5 Bxc2 22.
Rd2 Bd3 23. Rfd1 Re8 24. Qd4 Qd7 25. Bb1 Bxb1 26. Rxb1 Qf5 27. Rf1 Qxe5 28.
Qxe5 Rxe5 29. Bb6 Be1 30. Rd1 Bg3 31. d7 Bh4 32. Bc7 Re4 33. d8=Q+ Bxd8 34.
Bxd8 Ng3 35. Rf6 a5 36. Bc7 Ne2+ 37. Kf2 c3 38. bxc3 Nxc3 39. Rd7 Rae8 40. Bxa5
Re2+ 41. Kg1 Ne4 42. Rfxf7 Ng5 43. Rg7+ Kf8 44. Bb4+ R8e7 45. Bxe7+ 1-0

[Event "C.to Regionale Calabria"]
[Site "San Fili ITA"]
[Date "2007.06.09"]
[Round "3"]
[White "Paese, Salvatore"]
[Black "Scerra, Ezio"]
[Result "0-1"]
[WhiteElo "1396"]
[BlackElo "1398"]
[PlyCount "84"]
[EventDate "2007.06.08"]

1. e4 Nc6 2. Nc3 e5 3. a3 Nf6 4. Bc4 d6 5. Nf3 h6 6. d3 Be7 7. O-O Nd4 8. Nxd4
exd4 9. Ne2 c5 10. Bd2 Ng4 11. b4 Ne5 12. Ba2 Bh4 13. Bf4 Qf6 14. Bxe5 Qxe5 15.
f4 Qe7 16. f5 Bf6 17. Nf4 Qe5 18. Qh5 Rf8 19. Nd5 g6 20. Qxh6 Rh8 21. Nc7+ Kd7
22. Qf4 Kxc7 23. Qxe5 Bxe5 24. g3 gxf5 25. exf5 f6 26. Bd5 Bd7 27. a4 Bc6 28.
Bxc6 Kxc6 29. b5+ Kd5 30. Kg2 b6 31. Rh1 a6 32. Rab1 axb5 33. axb5 Ra2 34. Rhc1
Rh5 35. Kf3 Rxf5+ 36. Kg4 Rf2 37. c4+ dxc3 38. Kh3 Rxh2+ 39. Kg4 Rab2 40. Re1
c2 41. Rbc1 Rxb5 42. Kf5 Kd4 0-1